| 000 | 00768nam a22002897a 4500 | ||
|---|---|---|---|
| 999 |
_c2375 _d2375 |
||
| 003 | OSt | ||
| 005 | 20230502110512.0 | ||
| 008 | 230502b ||||| |||| 00| 0 eng d | ||
| 020 | _a4713264312494 | ||
| 040 | _cKH8 | ||
| 082 | _a495 YEH | ||
| 100 |
_aYeh, Shao-Ping, _eauthor. |
||
| 245 |
_aAmazing Chinese Workbook 3/ _cShao-Ping Yeh |
||
| 260 |
_aTaiwan: _bKang Hsuan Educational Publishing Corp., _c2020. |
||
| 300 |
_a147 pages: _billustrations. |
||
| 490 |
_aAmazing Chinese _v3 |
||
| 500 | _aAmazing Chinese | ||
| 500 | _aforeign language study | ||
| 500 | _alesson exercise | ||
| 700 | _aChen, Lifen | ||
| 700 | _aLin, Yu | ||
| 700 | _aKai, Luk | ||
| 700 | _aTu, Jessy | ||
| 700 | _aTam, Hugo Wing-Yu | ||
| 700 | _aDaiwei, Wei | ||
| 942 |
_2ddc _cTR |
||